و حد ت ا د يا ن کی حقيقت (Record no. 167433)

MARC details
000 -LEADER
fixed length control field 00668nam a22001937a 4500
005 - DATE AND TIME OF LATEST TRANSACTION
control field 20190902161106.0
010 ## - LCCN (DPL NO)
LC control number UR-10423
020 ## - INTERNATIONAL STANDARD BOOK NUMBER
Terms of availability 30.00
035 ## - SYSTEM CONTROL NUMBER
System control number U-8978
037 ## - SOURCE OF ACQUISITION
Source of stock number/acquisition DBAD/PUB
Stock number -
082 ## - DEWEY DECIMAL CLASSIFICATION NUMBER
Classification number 270
100 ## - MAIN ENTRY--PERSONAL NAME
Personal name محمد ا قبا ل ملا
245 ## - TITLE STATEMENT
Title و حد ت ا د يا ن کی حقيقت
Statement of responsibility, etc محمد ا قبا ل ملا
246 ## - VARYING FORM OF TITLE
Remainder of title Wahdat-e-AdyanKi Haqiqat (Urdu)
Title proper/short title by Mohd. Iqbal Mulla
260 ## - PUBLICATION, DISTRIBUTION, ETC. (IMPRINT)
Place of publication, distribution, etc New Delhi
Name of publisher, distributor, etc Merkazi Maktaba Islami Publishers
Date of publication, distribution, etc 2015 ء
270 ## - ADDRESS
Address D-307,Dawat Nagar,Abulfazal Enclave,Jamia Ngr.
City New Delhi
Postal code 110025
Telephone number 26971652
Fax number -
300 ## - PHYSICAL DESCRIPTION
Extent 64 ص
Dimensions 22 Cm(Hb)
942 ## - ADDED ENTRY ELEMENTS (KOHA)
Source of classification or shelving scheme Dewey Decimal Classification
Item type Urdu Bks
Classification part 270
Call number suffix م ح م
Holdings
Withdrawn status Lost status Not for loan Collection code Home library Current library Date acquired Source of acquisition Cost, normal purchase price Full call number Barcode Copy number Cost, replacement price Koha item type
    Not For Loan Non-fiction D.B.Act.Division D.B.Act.Division 02/09/2019 DBAD/PUB 30.00 270 م ح م U-8978 1 30.00 Urdu Bks

© Delhi Public Library
Hit Counter
free hit counter